000 01996nam a2200361 a 4500
700 _aЖечев, Тончо
_gТонев, Тончо Жечев
_eпредг. от
_9249780
999 _c173088
_d173088
003 BLK
005 20241009005440.0
008 180411b bul|||||r ||||||| ||bul||
010 _aKNG00181468000
040 _aBLK
041 _aBUL
_cBUL
080 _aБългарска литература
_b821.163.2
_x-8
_z821.163.2-8
100 1 _aРазцветников, Асен
_d1897 - 1951
_qКоларов, Асен Петков
_eпърви автор
_gКоларов, Асен Петков
_9114515
139 _aСептемврийска литература
_bС 33
245 1 0 _aСептемврийска литература
_bСб.
_cАсен Разцветников; предг. от Тончо Жечев.
250 _a8. изд.
257 _aBGR
260 _bБълг. писател
_c1973
_aСофия
300 _a192 с.
_c20 см
380 _aX
490 _aБиблиотека за ученика
_9201322
500 _aДруги авт.: А. Каралийчев, Н. Фурнаджиев, Н. Хрелков, Ламар, А. Страшимиров, Г. Караславов, Хр. Радевски, О. Василев, Н. Ланков, Кр. Кюлявков, Л. Стоянов, М. Исаев, Кр. Велков, М. Грубешлиева ; Авт. отбелязани на кор. - 1. изд. 1966. - 30 100 тир. Художествени произведения за Септемврийското въстание 1923 г.
650 4 _aСептемврийско въстание 1923 - в художествената литература
_9274924
653 _aСептемврийско въстание 1923
852 _aЦб 66262
_bЦб
856 4 _qpdf
856 4 _qpdf
942 _cKNG
_n0
_s1
944 _aCR
_c10.09.2015
_lCRON CRON
_k
944 _aED
_c10.09.2015
_lф /
_kЛюдмила_Стоянова
999 _d173088